=LDR 00000nam 2200000 4500 =001 INLIS000000000035484 =005 20130612141334 =008 ***********************************ind** =035 ##$$0010-061300000035484 =041 ##$$a ind =082 ##$$a 813 =090 ##$$a 813, Fua n =100 ##$$a Fuadi, A =245 ##$$a Negeri 5 menara, Sebuah novel yang terinspirasi kisah nyata, A. Fuadi =260 ##$$a 2009 $b Jakarta =300 ##$$a Xiii,416 hlm, 21 cm =650 ##$$a Fiksi Indonesia =850 ##$$a NBPNMAT